UM Logo

Speak with confidence : (Record no. 5087)

MARC details
000 -LEADER
fixed length control field 01186cam a2200313 a 4500
001 - CONTROL NUMBER
control field 13242797
005 - DATE AND TIME OF LATEST TRANSACTION
control field 20161008143615.0
008 - FIXED-LENGTH DATA ELEMENTS--GENERAL INFORMATION
fixed length control field 030618s2003 nyua b 000 0 eng
010 ## - LIBRARY OF CONGRESS CONTROL NUMBER
LC control number 2003271230
015 ## - NATIONAL BIBLIOGRAPHY NUMBER
National bibliography number GBA3-Z9958
020 ## - INTERNATIONAL STANDARD BOOK NUMBER
International Standard Book Number 0-07-140805-3 (alk. paper)
035 ## - SYSTEM CONTROL NUMBER
System control number (OCoLC)ocm51194683
040 ## - CATALOGING SOURCE
Original cataloging agency UKM
Transcribing agency UKM
Modifying agency IUL
-- DLC
042 ## - AUTHENTICATION CODE
Authentication code lccopycat
050 00 - LIBRARY OF CONGRESS CALL NUMBER
Classification number PN4192.B87
Item number B66 2003
082 04 - DEWEY DECIMAL CLASSIFICATION NUMBER
Classification number DC 808.51
Edition number 2003
Item number Bo63s
100 1# - MAIN ENTRY--PERSONAL NAME
Personal name Booher, Dianna Daniels.
245 10 - TITLE STATEMENT
Title Speak with confidence :
Remainder of title powerful presentations that inform, inspire, and persuade /
Statement of responsibility, etc. Dianna Booher.
260 ## - PUBLICATION, DISTRIBUTION, ETC. (IMPRINT)
Place of publication, distribution, etc. New York :
Name of publisher, distributor, etc. McGraw-Hill,
Date of publication, distribution, etc. c2003.
300 ## - PHYSICAL DESCRIPTION
Extent ix, 239 pages:
Other physical details illustrations ;
Dimensions 24 cm.
504 ## - BIBLIOGRAPHY, ETC. NOTE
Bibliography, etc Includes bibliographical references (p. 235-238).
650 #0 - SUBJECT ADDED ENTRY--TOPICAL TERM
Topical term or geographic name as entry element Business presentations.
650 #0 - SUBJECT ADDED ENTRY--TOPICAL TERM
Topical term or geographic name as entry element Public speaking.
856 42 - ELECTRONIC LOCATION AND ACCESS
Materials specified Contributor biographical information
Uniform Resource Identifier <a href="http://www.loc.gov/catdir/bios/mh041/2003271230.html">http://www.loc.gov/catdir/bios/mh041/2003271230.html</a>
856 42 - ELECTRONIC LOCATION AND ACCESS
Materials specified Publisher description
Uniform Resource Identifier <a href="http://www.loc.gov/catdir/description/mh031/2003271230.html">http://www.loc.gov/catdir/description/mh031/2003271230.html</a>
906 ## - LOCAL DATA ELEMENT F, LDF (RLIN)
a 7
b cbc
c copycat
d 2
e ncip
f 20
g y-gencatlg
942 ## - ADDED ENTRY ELEMENTS (KOHA)
Source of classification or shelving scheme Dewey Decimal Classification
Koha item type Circulation
Holdings
Withdrawn status Lost status Source of classification or shelving scheme Damaged status Not for loan Collection code Home library Current library Shelving location Date acquired Source of acquisition Total Checkouts Full call number Barcode Date last seen Date last checked out Price effective from Koha item type
    Dewey Decimal Classification     Circulation UM Digos College - LIC UM Digos College - LIC Book Cart 10/08/2016 Purchased 2 DC 808.51 Bo63s 2003 18298 01/27/2023 01/23/2023 10/08/2016 Circulation